[Event "Sardinia World op-A"]
[Site "Orosei"]
[Date "2025.05.03"]
[Round "9"]
[White "Srikant Koduri, Advaitt"]
[Black "Blom, Vincent"]
[Result "1-0"]
[WhiteElo "2017"]
[BlackElo "2274"]
[PlyCount "85"]
[EventDate "2025.04.27"]
[EventType "swiss"]
[EventRounds "9"]
[EventCountry "ITA"]
[SourceTitle "CB19_2025"]
[SourceDate "2025.05.07"]
[SourceVersion "1"]
[SourceVersionDate "2025.05.07"]
[SourceQuality "1"]

1. d4 Nf6 2. Nf3 b6 3. Bf4 Bb7 4. e3 Nh5 5. Bg5 h6 6. Bh4 g5 7. Bg3 Nxg3 8. hxg3 Bg7 9. c4 e6 10. Nc3 Qe7 11. Qc2 d6 12. 0-0-0 Nd7 13. Kb1 0-0-0 14. Ka1 Rhf8 15. Be2 f5 16. Qa4 Kb8 17. Nb5 a6 18. Nc3 c5 19. Qb3 Kc7 20. Na4 Rb8 21. dxc5 bxc5 22. Qc2 Bc6 23. Nc3 Nb6 24. Rd2 g4 25. Ne1 Qf6 26. f3 h5 27. Rxh5 Qf7 28. Rh1 Rb7 29. Qd3 Rd8 30. fxg4 Be4 31. Nxe4 fxe4 32. Qxe4 Na4 33. Nd3 Rdb8 34. Rh7 Nxb2 35. Ne5 Nd3 36. Qc6+ Kd8 37. Qxd6+ Ke8 38. Qc6+ Kf8 39. Qd6+ Kg8 40. Rxg7+ Qxg7 41. Qxe6+ Kh8 42. Bxd3 Re7 43. Qxe7 1-0

[Event "Sardinia World op-A"]
[Site "Orosei"]
[Date "2025.05.01"]
[Round "7"]
[White "Blom, Vincent"]
[Black "Deboushnik, De"]
[Result "1-0"]
[WhiteElo "2274"]
[BlackElo "2038"]
[PlyCount "85"]
[EventDate "2025.04.27"]
[EventType "swiss"]
[EventRounds "9"]
[EventCountry "ITA"]
[SourceTitle "CB19_2025"]
[SourceDate "2025.05.07"]
[SourceVersion "1"]
[SourceVersionDate "2025.05.07"]
[SourceQuality "1"]

1. Nf3 d5 2. d4 Nf6 3. Bg5 e6 4. e3 h6 5. Bh4 Be7 6. Nbd2 0-0 7. Bd3 b6 8. Ne5 Bb7 9. f4 c5 10. c3 Nc6 11. Bxf6 Bxf6 12. Nxc6 Bxc6 13. Qh5 Be8 14. Nf3 Be7 15. Qh3 c4 16. Bc2 f5 17. g4 Bg6 18. Rg1 Rf6 19. Qg2 Bf8 20. Ne5 Be8 21. g5 hxg5 22. fxg5 Rg6 23. h4 Be7 24. Nf3 e5 25. Nxe5 Rd6 26. Bxf5 g6 27. Bc2 b5 28. a3 a5 29. e4 b4 30. exd5 bxc3 31. bxc3 Rb8 32. Rb1 Rxb1+ 33. Bxb1 Qb8 34. Qe4 Qb2 35. Qc2 Qxa3 36. Nxc4 Qa1 37. Nxd6 Bxd6 38. Kf2 Qa3 39. Re1 Bf7 40. Re3 Bf4 41. Rf3 Qd6 42. c4 a4 43. c5 1-0

[Event "Rotterdam blitz Final AB"]
[Site "Rotterdam"]
[Date "2024.09.14"]
[Round "10"]
[White "Blom, Vincent"]
[Black "Rademakers, Evert"]
[Result "1-0"]
[WhiteElo "2257"]
[BlackElo "2236"]
[PlyCount "65"]
[EventDate "2024.09.14"]
[EventType "tourn"]
[EventRounds "11"]
[EventCountry "NED"]
[EventCategory "3"]
[SourceTitle "EXT 2025"]
[Source "ChessBase"]
[SourceDate "2024.10.14"]
[SourceVersion "1"]
[SourceVersionDate "2024.10.14"]
[SourceQuality "1"]

1. c4 h5 2. b3 h4 3. h3 Nf6 4. Bb2 c6 5. Nf3 d5 6. cxd5 cxd5 7. Bxf6 gxf6 8. d4 e6 9. Nbd2 f5 10. e3 Bd6 11. Ne5 Qf6 12. Rc1 0-0 13. f4 Qg7 14. g4 hxg3 15. Rg1 Be7 16. Qf3 Qh7 17. Qxg3+ Kh8 18. Ndf3 Nc6 19. Nxc6 bxc6 20. Rxc6 Bd7 21. Rc7 Rad8 22. Bd3 Rg8 23. Qh2 Bd6 24. Rc2 Rxg1+ 25. Qxg1 f6 26. Rg2 Be8 27. Qf2 Bb4+ 28. Kf1 Bh5 29. Be2 Rc8 30. Qh4 Be7 31. Kg1 Rc2 32. Bf1 Rc1 33. Nh2 1-0

[Event "Rotterdam blitz Final AB"]
[Site "Rotterdam"]
[Date "2024.09.14"]
[Round "5"]
[White "Blom, Vincent"]
[Black "Van Arkel, Rogier"]
[Result "1/2-1/2"]
[WhiteElo "2257"]
[BlackElo "2228"]
[PlyCount "104"]
[EventDate "2024.09.14"]
[EventType "tourn"]
[EventRounds "11"]
[EventCountry "NED"]
[EventCategory "3"]
[SourceTitle "EXT 2025"]
[Source "ChessBase"]
[SourceDate "2024.10.14"]
[SourceVersion "1"]
[SourceVersionDate "2024.10.14"]
[SourceQuality "1"]

1. c4 b6 2. b3 Bb7 3. Bb2 Nf6 4. Bxf6 exf6 5. e3 f5 6. Nf3 g6 7. d4 Bg7 8. Nbd2 d6 9. Rc1 Nd7 10. g3 0-0 11. Bg2 Re8 12. 0-0 Nf6 13. b4 a5 14. b5 Qe7 15. a4 Ne4 16. Nxe4 fxe4 17. Nd2 f5 18. Qb3 Qf7 19. Rfd1 Re7 20. Bf1 Rae8 21. c5 Bd5 22. Qxd5 Qxd5 23. Bc4 Qxc4 24. Nxc4 d5 25. Nd2 g5 26. cxb6 cxb6 27. Rc6 Re6 28. Rdc1 Kf7 29. Rxe6 Rxe6 30. Rc7+ Re7 31. Rc8 Re8 32. Rc2 Bf8 33. f3 Bd6 34. fxe4 fxe4 35. Rc6 Bb4 36. Nf1 Re6 37. Rxe6 Kxe6 38. g4 Bd6 39. Kg2 Kf6 40. Kh3 Kg6 41. Kg2 h5 42. h3 hxg4 43. hxg4 Kf6 44. Nd2 Ke6 45. Kf2 Bb4 46. Nf1 Bd6 47. Ke2 Kf6 48. Kf2 Ke6 49. Nd2 Kf6 50. Nb3 Ke6 51. Kg2 Bb4 52. Kf2 Bd6 1/2-1/2

[Event "Rotterdam blitz Final AB"]
[Site "Rotterdam"]
[Date "2024.09.14"]
[Round "2"]
[White "Timmermans, Mark"]
[Black "Blom, Vincent"]
[Result "1-0"]
[WhiteElo "2399"]
[BlackElo "2257"]
[PlyCount "121"]
[EventDate "2024.09.14"]
[EventType "tourn"]
[EventRounds "11"]
[EventCountry "NED"]
[EventCategory "3"]
[SourceTitle "EXT 2025"]
[Source "ChessBase"]
[SourceDate "2024.10.14"]
[SourceVersion "1"]
[SourceVersionDate "2024.10.14"]
[SourceQuality "1"]

1. b4 Nf6 2. Bb2 g6 3. c4 Bg7 4. a4 a5 5. b5 b6 6. e3 Bb7 7. Nf3 0-0 8. Be2 d6 9. 0-0 Nbd7 10. d4 e5 11. Nc3 exd4 12. Nxd4 Nc5 13. Bf3 Qc8 14. Bxb7 Qxb7 15. Qc2 Nfe4 16. Nc6 Rae8 17. Nd5 f6 18. Bd4 Rf7 19. Qb2 Nd7 20. f3 Nec5 21. e4 Ne6 22. Bc3 Nd8 23. Nxd8 Rxd8 24. Rfe1 Rdf8 25. Nf4 Nc5 26. Qc2 Qc8 27. Rad1 Bh6 28. Nd5 Qe6 29. Bd4 Nb7 30. Qb2 Bg7 31. h3 Nd8 32. f4 f5 33. exf5 Qxf5 34. Ne7+ Rxe7 35. Rxe7 Bxd4+ 36. Qxd4 Ne6 37. Qc3 Rf7 38. Re8+ Rf8 39. Rxf8+ Nxf8 40. Rf1 Ne6 41. Qe3 Kf7 42. Re1 h5 43. Qe4 Qf6 44. Rf1 Qd4+ 45. Qxd4 Nxd4 46. Kf2 Nb3 47. g4 Nc5 48. Ra1 hxg4 49. hxg4 Nb3 50. Ra3 Nc5 51. Ke3 Kf6 52. Ra2 Ke6 53. Kd4 Nb3+ 54. Ke3 Nc5 55. Ra3 Kf6 56. Kd4 Ne6+ 57. Kd5 Nxf4+ 58. Kc6 Kg5 59. Kxc7 Kxg4 60. Kxb6 Kf5 61. Kc6 1-0

[Event "Adeje Arona op"]
[Site "Adeje"]
[Date "2024.06.28"]
[Round "8"]
[White "Blom, Vincent"]
[Black "Tsolakidou, Stavroula"]
[Result "0-1"]
[WhiteElo "2270"]
[BlackElo "2421"]
[PlyCount "54"]
[EventDate "2024.06.22"]
[EventType "swiss"]
[EventRounds "10"]
[EventCountry "ESP"]
[SourceTitle "CBM 220 Extra"]
[Source "ChessBase"]
[SourceDate "2024.07.31"]
[SourceVersion "1"]
[SourceVersionDate "2024.07.31"]
[SourceQuality "1"]

1. c4 Nf6 2. g3 g6 3. Bg2 Bg7 4. Nc3 0-0 5. Nf3 d6 6. 0-0 e5 7. d3 c6 8. Rb1 a5 9. a3 Re8 10. b4 axb4 11. axb4 h6 12. b5 d5 13. bxc6 bxc6 14. d4 Bf5 15. dxe5 Ng4 16. Rb4 Nxe5 17. Nxe5 Bxe5 18. Na4 Qe7 19. Ba3 Bd6 20. c5 Bxc5 21. Rxb8 Bxa3 22. Rxe8+ Rxe8 23. Nc3 Qb4 24. Na2 Qb2 25. Nc1 Qxc1 26. Qxc1 Bxc1 27. Rxc1 Rxe2 0-1

[Event "BEL-chT 2324"]
[Site "Belgium"]
[Date "2023.09.24"]
[Round "1.5"]
[White "Blom, Vincent"]
[Black "Praet, Maarten"]
[Result "1/2-1/2"]
[WhiteElo "2302"]
[BlackElo "2220"]
[PlyCount "97"]
[EventDate "2023.09.24"]
[EventType "team-tourn"]
[EventRounds "11"]
[EventCountry "BEL"]
[SourceTitle "EXT 2025"]
[Source "ChessBase"]
[SourceDate "2024.10.14"]
[SourceVersion "1"]
[SourceVersionDate "2024.10.14"]
[SourceQuality "1"]
[WhiteTeam "Wachtebeke"]
[BlackTeam "Leuven Centraal"]
[WhiteTeamCountry "BEL"]
[BlackTeamCountry "BEL"]

1. c4 Nf6 2. g3 e5 3. Bg2 c6 4. Nf3 e4 5. Nd4 Qb6 6. e3 d5 7. Qc2 Na6 8. a3 Nc5 9. 0-0 h5 10. Nc3 h4 11. cxd5 cxd5 12. b4 Ne6 13. d3 hxg3 14. hxg3 Ng5 15. dxe4 dxe4 16. Ncb5 Bg4 17. Nc7+ Kd7 18. Nxa8 Qxd4 19. f4 Nf3+ 20. Rxf3 Qxa1 21. Qc7+ Ke8 22. Qb8+ Ke7 23. Qxb7+ Bd7 24. Rf1 Qa2 25. Qxa7 Nd5 26. Nb6 Nxb6 27. Qxb6 Rh6 28. Qd4 f5 29. Rd1 Be6 30. Rd2 Qb3 31. Kf2 Kf7 32. Qb2 Qa4 33. Qc2 Qa7 34. Bb2 Rh2 35. Qc3 Qe7 36. b5 g5 37. Kg1 Rh6 38. b6 gxf4 39. exf4 Qc5+ 40. Qd4 Qa5 41. Qe3 Bd5 42. Bd4 Qxa3 43. Qxa3 Bxa3 44. Rc2 Kg6 45. Rc7 Rh7 46. Rxh7 Kxh7 47. Bf1 Bb7 48. Bc4 Kg6 49. Be6 1/2-1/2

[Event "Amsterdam Science Park op-A"]
[Site "Amsterdam"]
[Date "2022.07.24"]
[Round "7"]
[White "Van Delft, Merijn"]
[Black "Blom, Vincent"]
[Result "1/2-1/2"]
[WhiteElo "2383"]
[BlackElo "2325"]
[PlyCount "41"]
[EventDate "2022.07.18"]
[EventType "swiss"]
[EventRounds "7"]
[EventCountry "NED"]
[SourceTitle "CBM 209 Extra"]
[Source "ChessBase"]
[SourceDate "2022.09.30"]
[SourceVersion "1"]
[SourceVersionDate "2022.09.30"]
[SourceQuality "1"]

1. e4 Nf6 2. e5 Ng8 3. d4 d6 4. Nf3 dxe5 5. Nxe5 Nd7 6. Nf3 Ngf6 7. c4 e6 8. Nc3 b6 9. Be2 Bb7 10. 0-0 Be7 11. Bf4 Ne4 12. Nxe4 Bxe4 13. Qa4 0-0 14. Rfd1 a6 15. Rac1 b5 16. Qa5 bxc4 17. Bxc7 Qc8 18. Nd2 Bc6 19. Bf3 Bxf3 20. Nxf3 Qb7 21. Rxc4 1/2-1/2

[Event "Wachtebeke-A"]
[Site "Wachtebeke"]
[Date "2020.02.26"]
[Round "8"]
[White "De Rover, Yong Hoon"]
[Black "Blom, Vincent"]
[Result "1/2-1/2"]
[WhiteElo "2370"]
[BlackElo "2308"]
[PlyCount "52"]
[EventDate "2020.02.22"]
[EventType "tourn"]
[EventRounds "9"]
[EventCountry "BEL"]
[EventCategory "3"]
[SourceTitle "CBM 195 Extra"]
[Source "ChessBase"]
[SourceDate "2020.05.31"]
[SourceVersion "1"]
[SourceVersionDate "2020.05.31"]
[SourceQuality "1"]

1. e4 c6 2. d4 d5 3. Nc3 dxe4 4. Nxe4 Bf5 5. Ng3 Bg6 6. h4 h6 7. Nf3 Nd7 8. h5 Bh7 9. Bd3 Bxd3 10. Qxd3 e6 11. Bd2 Ngf6 12. 0-0-0 Be7 13. Kb1 0-0 14. Ne4 Nxe4 15. Qxe4 Nf6 16. Qe2 Qd5 17. Be3 Qb5 18. c4 Qf5+ 19. Ka1 Ng4 20. Bc1 Rfd8 21. Nh4 Bxh4 22. Rxh4 Nf6 23. Be3 e5 24. g4 Qe6 25. dxe5 Qxe5 26. Rhh1 Qe6 1/2-1/2

[Event "BEL-chT 1920"]
[Site "Belgium"]
[Date "2020.02.16"]
[Round "8.8"]
[White "Blom, Vincent"]
[Black "Miedema, David"]
[Result "0-1"]
[WhiteElo "2284"]
[BlackElo "2357"]
[PlyCount "90"]
[EventDate "2019.09.29"]
[EventType "team-tourn"]
[EventRounds "11"]
[EventCountry "BEL"]
[SourceTitle "CBM 195 Extra"]
[Source "ChessBase"]
[SourceDate "2020.05.31"]
[SourceVersion "1"]
[SourceVersionDate "2020.05.31"]
[SourceQuality "1"]
[WhiteTeam "Wachtebeke"]
[BlackTeam "KGSRL"]
[WhiteTeamCountry "BEL"]
[BlackTeamCountry "BEL"]

1. c4 e6 2. g3 d5 3. cxd5 exd5 4. Bg2 g6 5. Nf3 Bg7 6. 0-0 Ne7 7. d3 0-0 8. Nc3 a6 9. Bg5 d4 10. Ne4 h6 11. Bf6 Bxf6 12. Nxf6+ Kg7 13. Ne4 b6 14. b4 Nbc6 15. Qb3 Be6 16. Qb2 Qd5 17. Ned2 Qd6 18. Rab1 Rad8 19. Rfc1 Rd7 20. a3 Bg4 21. Ne4 Qd5 22. Nfd2 Qe6 23. e3 f6 24. exd4 Rxd4 25. Re1 Qd7 26. Nb3 Rxd3 27. Nbc5 bxc5 28. Nxc5 Qd4 29. Nxd3 Qxd3 30. Rbc1 Qd7 31. Qc3 Ne5 32. Rxe5 fxe5 33. Qxe5+ Kg8 34. h3 Qd2 35. Rf1 Be2 36. Ra1 Rf7 37. Qxc7 Qd4 38. Rc1 Rxf2 39. Kh1 Rf7 40. g4 Kg7 41. Qg3 Nd5 42. Qd6 Qe3 43. Re1 Nf4 44. Qxa6 Nxg2 45. Rxe2 Rf1+ 0-1

[Event "EU-Cup 35th"]
[Site "Ulcinj"]
[Date "2019.11.11"]
[Round "2.15"]
[White "Bettalli, Francesco"]
[Black "Blom, Vincent"]
[Result "0-1"]
[WhiteElo "2164"]
[BlackElo "2304"]
[PlyCount "72"]
[EventDate "2019.11.10"]
[EventType "team-swiss"]
[EventRounds "7"]
[EventCountry "MNE"]
[SourceTitle "CBM 193 Extra"]
[Source "ChessBase"]
[SourceDate "2020.01.31"]
[SourceVersion "1"]
[SourceVersionDate "2020.01.31"]
[SourceQuality "1"]
[WhiteTeam "WorldtradingLab"]
[BlackTeam "Wachtebeke"]
[WhiteTeamCountry "ITA"]
[BlackTeamCountry "BEL"]

1. d4 Nf6 2. Nf3 b6 3. e3 Bb7 4. Bd3 g6 5. 0-0 Bg7 6. b3 c5 7. Bb2 0-0 8. Qe2 Nc6 9. Ba6 Bxa6 10. Qxa6 cxd4 11. Nxd4 Nxd4 12. Bxd4 Qc7 13. Qe2 d5 14. Na3 h5 15. h3 e5 16. Bb2 Rfe8 17. Rac1 d4 18. exd4 exd4 19. Qf3 Ne4 20. Rfd1 Ng5 21. Qd3 Qf4 22. Bxd4 Bf8 23. Nc4 b5 24. Ne3 Rad8 25. Qxb5 Ne4 26. Nf1 Rxd4 27. Rxd4 Qxf2+ 28. Kh1 Qxd4 29. Qxe8 Nf2+ 30. Kh2 Qf4+ 31. Kg1 Qxc1 32. Kxf2 Qxc2+ 33. Qe2 Bc5+ 34. Ne3 Qc3 35. Qf3 Qd2+ 36. Qe2 Bxe3+ 0-1

[Event "Andorra op 37th"]
[Site "Escaldes"]
[Date "2019.07.30"]
[Round "4"]
[White "Blom, Vincent"]
[Black "Fedorchuk, Sergey A"]
[Result "0-1"]
[WhiteElo "2306"]
[BlackElo "2633"]
[PlyCount "68"]
[EventDate "2019.07.27"]
[EventType "swiss"]
[EventRounds "9"]
[EventCountry "AND"]
[SourceTitle "CBM 191 Extra"]
[Source "ChessBase"]
[SourceDate "2019.09.30"]
[SourceVersion "1"]
[SourceVersionDate "2019.09.30"]
[SourceQuality "1"]

1. c4 Nf6 2. Nf3 e6 3. g3 a6 4. Bg2 b5 5. b3 Bb7 6. Nc3 b4 7. Na4 d6 8. c5 dxc5 9. 0-0 Nbd7 10. Qc2 Bd6 11. Bb2 Rb8 12. d3 0-0 13. e4 Re8 14. Rae1 e5 15. Nh4 g6 16. Bh3 Bc6 17. Ng2 Bb5 18. Bc1 c4 19. bxc4 Bxa4 20. Qxa4 b3 21. Bxd7 Nxd7 22. axb3 Nc5 23. Qa2 Rxb3 24. Be3 Rxd3 25. Bxc5 Bxc5 26. Qxa6 Re6 27. Qb5 Qd6 28. Kh1 Rf3 29. Ra1 Rxf2 30. Rfd1 Ra2 31. Qb8+ Kg7 32. Rab1 Qc6 33. Qb3 Re2 34. Rd5 Rf6 0-1

[Event "Maastricht Limburg op 13th"]
[Site "Maastricht"]
[Date "2019.06.08"]
[Round "3"]
[White "Decoster, Frederic"]
[Black "Blom, Vincent"]
[Result "1/2-1/2"]
[WhiteElo "2293"]
[BlackElo "2291"]
[PlyCount "76"]
[EventDate "2019.06.07"]
[EventType "swiss"]
[EventRounds "7"]
[EventCountry "NED"]
[SourceTitle "CBM 190 Extra"]
[Source "ChessBase"]
[SourceDate "2019.07.15"]
[SourceVersion "1"]
[SourceVersionDate "2019.07.15"]
[SourceQuality "1"]

1. e4 c5 2. Nf3 Nc6 3. d4 cxd4 4. Nxd4 e5 5. Nb5 a6 6. Nd6+ Bxd6 7. Qxd6 Qf6 8. Qxf6 Nxf6 9. Nc3 Nb4 10. Bd3 h6 11. f4 d6 12. 0-0 Nxd3 13. cxd3 Bd7 14. Be3 Bc6 15. a4 Ke7 16. h3 b5 17. a5 Rac8 18. b4 Bb7 19. Rac1 exf4 20. Bxf4 d5 21. e5 Nd7 22. Ne2 Rxc1 23. Rxc1 Rc8 24. Rxc8 Bxc8 25. Nd4 Nf8 26. Kf2 Bd7 27. Ke3 h5 28. Ne2 Ne6 29. d4 g6 30. Bg3 Ke8 31. Bh4 Ng7 32. Bf6 Ne6 33. Nc3 Bc6 34. Nd1 Bd7 35. Nf2 Bc8 36. g4 hxg4 37. Nxg4 Nc7 38. Nf2 Bf5 1/2-1/2

[Event "Karlsruhe Grenke op"]
[Site "Karlsruhe"]
[Date "2019.04.22"]
[Round "9"]
[White "Blom, Vincent"]
[Black "Bogner, Sebastian"]
[Result "0-1"]
[WhiteElo "2298"]
[BlackElo "2603"]
[PlyCount "116"]
[EventDate "2019.04.18"]
[EventType "swiss"]
[EventRounds "9"]
[EventCountry "GER"]
[SourceTitle "CBM 189 Extra"]
[Source "ChessBase"]
[SourceDate "2019.05.31"]
[SourceVersion "1"]
[SourceVersionDate "2019.05.31"]
[SourceQuality "1"]

1. c4 e6 2. g3 d5 3. Bg2 Nf6 4. Nf3 d4 5. 0-0 c5 6. b4 cxb4 7. d3 Nc6 8. a3 bxa3 9. Qa4 Bd7 10. Bxa3 Bxa3 11. Qxa3 e5 12. Nbd2 Qe7 13. Rfb1 Qxa3 14. Rxa3 Rb8 15. Rab3 b6 16. Rb5 0-0 17. Nxe5 Nxe5 18. Rxe5 Rfe8 19. Nf3 Bg4 20. Kf1 Bxf3 21. Rxe8+ Rxe8 22. Bxf3 Kf8 23. Rb5 Re6 24. c5 bxc5 25. Rxc5 Rd6 26. h4 Ke7 27. Re5+ Kd8 28. g4 h6 29. Kg2 Nd7 30. Rf5 f6 31. Ra5 a6 32. Kg3 Kc7 33. h5 Kb6 34. Ra2 a5 35. Kf4 Ne5 36. Be4 Rd7 37. Kf5 Ra7 38. f4 Nf7 39. Ke6 Nd8+ 40. Kf5 a4 41. Bd5 Kc5 42. Bg8 a3 43. Rc2+ Kd6 44. Ba2 Nc6 45. Rc4 Re7 46. Rc2 Nb4 47. Rc4 Nc6 48. Rc2 Nb4 49. Rc4 Nxa2 50. Rxd4+ Kc5 51. Ra4 Nb4 52. Rxa3 Nc6 53. Kg6 Nd4 54. e3 Ne6 55. Ra8 Nc7 56. Rg8 Ne8 57. Rxe8 Rxe8 58. Kxg7 Rxe3 0-1

[Event "Karlsruhe Grenke op"]
[Site "Karlsruhe"]
[Date "2019.04.20"]
[Round "5"]
[White "Blom, Vincent"]
[Black "Repka, Christopher"]
[Result "1/2-1/2"]
[WhiteElo "2298"]
[BlackElo "2482"]
[PlyCount "84"]
[EventDate "2019.04.18"]
[EventType "swiss"]
[EventRounds "9"]
[EventCountry "GER"]
[SourceTitle "CBM 189 Extra"]
[Source "ChessBase"]
[SourceDate "2019.05.31"]
[SourceVersion "1"]
[SourceVersionDate "2019.05.31"]
[SourceQuality "1"]

1. c4 e5 2. Nc3 Nc6 3. g3 Bc5 4. Bg2 d6 5. Na4 Nge7 6. Nxc5 dxc5 7. d3 Bf5 8. Nf3 Qd7 9. Be3 b6 10. a3 Bh3 11. Bxh3 Qxh3 12. Qa4 0-0 13. b4 cxb4 14. axb4 f6 15. b5 Nd8 16. c5 Ne6 17. g4 h5 18. Rg1 hxg4 19. Rxg4 Nxc5 20. Qc4+ Rf7 21. Bxc5 bxc5 22. Ra6 c6 23. bxc6 Rb8 24. Rxa7 Rb4 25. Ra8+ Kh7 26. Rh4+ Qxh4 27. Nxh4 Rxc4 28. dxc4 Nxc6 29. Rc8 Nd4 30. e3 Nb3 31. Nf5 Rd7 32. Ng3 Ra7 33. Ne4 Ra4 34. Rc7 Kg6 35. Nxc5 Rxc4 36. Ne6 Rxc7 37. Nxc7 Nc5 38. f3 Kg5 39. Kf2 Kh4 40. Kg2 f5 41. Nd5 e4 42. fxe4 Nxe4 1/2-1/2

[Event "Wachtebeke-A"]
[Site "Wachtebeke"]
[Date "2019.03.06"]
[Round "7"]
[White "Blom, Vincent"]
[Black "Maerevoet, Sim"]
[Result "0-1"]
[WhiteElo "2265"]
[BlackElo "2251"]
[PlyCount "120"]
[EventDate "2019.03.02"]
[EventType "tourn"]
[EventRounds "9"]
[EventCountry "BEL"]
[EventCategory "3"]
[SourceTitle "CBM 189 Extra"]
[Source "ChessBase"]
[SourceDate "2019.05.31"]
[SourceVersion "1"]
[SourceVersionDate "2019.05.31"]
[SourceQuality "1"]

1. d4 Nf6 2. Bg5 Ne4 3. Bf4 c5 4. dxc5 Nxc5 5. Nd2 d5 6. Ngf3 Nc6 7. e3 g6 8. Bb5 Qb6 9. a4 Bg7 10. Be5 f6 11. Bc3 e5 12. e4 a6 13. exd5 axb5 14. dxc6 Nxa4 15. Bb4 Qxc6 16. b3 Nb6 17. Rxa8 Nxa8 18. Qe2 Kf7 19. Ne4 Rd8 20. 0-0 Nc7 21. Bd2 Be6 22. Bc1 Bd5 23. Ng3 Ne6 24. Be3 Bxf3 25. Qxf3 Qxf3 26. gxf3 Bf8 27. Ne4 Rc8 28. Rd1 Rd8 29. Rxd8 Nxd8 30. f4 exf4 31. Bxf4 Nc6 32. Nc3 Nd4 33. Kf1 b4 34. Ne2 Nxc2 35. Bd2 Bc5 36. h3 b6 37. Bc1 Nd4 38. Nxd4 Bxd4 39. Ke2 Ke6 40. f3 Kf5 41. Bd2 Bc5 42. Kd3 g5 43. Bc1 h5 44. Bb2 Be7 45. Ke3 g4 46. hxg4+ hxg4 47. Kf2 Bc5+ 48. Kg2 Be7 49. Kf2 Kg5 50. Kg2 f5 51. Bc1+ Kf6 52. Bf4 Ke6 53. Bc1 Bd6 54. Bb2 Kd5 55. Kf2 b5 56. Kg2 Bc7 57. Kf2 Be5 58. Bc1 Bc3 59. Bf4 Kd4 60. Ke2 gxf3+ 0-1

[Event "Wachtebeke-A"]
[Site "Wachtebeke"]
[Date "2019.03.02"]
[Round "2"]
[White "Dardha, Daniel"]
[Black "Blom, Vincent"]
[Result "1/2-1/2"]
[WhiteElo "2369"]
[BlackElo "2265"]
[PlyCount "98"]
[EventDate "2019.03.02"]
[EventType "tourn"]
[EventRounds "9"]
[EventCountry "BEL"]
[EventCategory "3"]
[SourceTitle "CBM 189 Extra"]
[Source "ChessBase"]
[SourceDate "2019.05.31"]
[SourceVersion "1"]
[SourceVersionDate "2019.05.31"]
[SourceQuality "1"]

1. Nf3 Nf6 2. c4 c5 3. Nc3 g6 4. d4 cxd4 5. Nxd4 Bg7 6. e4 d6 7. Be2 Nc6 8. Be3 Bd7 9. 0-0 0-0 10. Qd2 Re8 11. f3 a6 12. Rac1 Rc8 13. Rfd1 Qa5 14. Nb3 Qd8 15. Nd5 Nxd5 16. cxd5 Ne5 17. Na5 Rxc1 18. Rxc1 b6 19. Nc6 Qa8 20. Nxe5 Bxe5 21. Bxb6 Qb7 22. Bd4 Bxd4+ 23. Qxd4 Rb8 24. Rc2 f6 25. h3 g5 26. Kh2 Kf7 27. Bd3 Rc8 28. Rxc8 Bxc8 29. b4 Bd7 30. a3 Bb5 31. Kg1 Qc7 32. Bxb5 axb5 33. Qe3 Qc2 34. Kh2 Kg6 35. f4 gxf4 36. Qxf4 Kf7 37. h4 Qd3 38. Qf3 Qd2 39. Kh3 Qc1 40. Kg3 Kf8 41. Qd3 h5 42. Kf3 Kf7 43. g3 Qh1+ 44. Kf4 Qc1+ 45. Qe3 Qf1+ 46. Qf3 Qc1+ 47. Qe3 Qf1+ 48. Qf3 Qc1+ 49. Kf5 Qc8+ 1/2-1/2

[Event "Cappelle rapid op 1st"]
[Site "Cappelle la Grande"]
[Date "2019.02.23"]
[Round "3"]
[White "Blom, Vincent"]
[Black "Dgebuadze, Alexandre"]
[Result "0-1"]
[WhiteElo "2253"]
[BlackElo "2492"]
[PlyCount "82"]
[EventDate "2019.02.23"]
[EventType "swiss (rapid)"]
[EventRounds "9"]
[EventCountry "FRA"]
[SourceTitle "CBM 189 Extra"]
[Source "ChessBase"]
[SourceDate "2019.05.31"]
[SourceVersion "1"]
[SourceVersionDate "2019.05.31"]
[SourceQuality "1"]

1. d4 e6 2. Nf3 f5 3. g3 Nf6 4. Bg2 Be7 5. 0-0 0-0 6. b3 Qe8 7. Bb2 Qh5 8. e3 d6 9. c4 a5 10. Nc3 Na6 11. a3 Rb8 12. Nd2 Qh6 13. Re1 c6 14. Ne2 Bd7 15. f4 Ng4 16. Nf1 d5 17. h3 Nf6 18. Nd2 Nc7 19. Nf3 a4 20. Ne5 axb3 21. Qxb3 Be8 22. Bc3 dxc4 23. Qxc4 Ncd5 24. Qd3 Bh5 25. Bd2 Ra8 26. a4 Ne4 27. Bxe4 fxe4 28. Qxe4 Bxe2 29. Rxe2 Qxh3 30. Rh2 Qf5 31. Qh1 Nf6 32. g4 Qe4 33. Rg2 Nd5 34. Qh3 Nxf4 35. exf4 Qxd4+ 36. Kh2 Qxa1 37. g5 Rf5 38. Qb3 Rxe5 39. Bc3 Re3 40. Qxb7 Qxc3 41. Qxa8+ Bf8 0-1

[Event "Cappelle op 35th"]
[Site "Cappelle la Grande"]
[Date "2019.02.18"]
[Round "4"]
[White "Blom, Vincent"]
[Black "Dimitrov, Radoslav"]
[Result "1/2-1/2"]
[WhiteElo "2253"]
[BlackElo "2535"]
[PlyCount "68"]
[EventDate "2019.02.16"]
[EventType "swiss"]
[EventRounds "9"]
[EventCountry "FRA"]
[SourceTitle "CBM 189 Extra"]
[Source "ChessBase"]
[SourceDate "2019.05.31"]
[SourceVersion "1"]
[SourceVersionDate "2019.05.31"]
[SourceQuality "1"]

1. d4 d5 2. Nf3 Nf6 3. c4 dxc4 4. e3 e6 5. Bxc4 a6 6. a4 b6 7. 0-0 Bb7 8. Nc3 c5 9. dxc5 Bxc5 10. Qxd8+ Kxd8 11. Bd2 Nc6 12. Rfb1 Bb4 13. Ne1 Ne5 14. Be2 Ke7 15. f4 Ned7 16. Nc2 Bd6 17. b4 Ne4 18. Nxe4 Bxe4 19. Rc1 e5 20. Na3 Ra7 21. Nc4 Bc7 22. Ra3 Rd8 23. g3 Nf6 24. Bc3 exf4 25. gxf4 Nd5 26. Be1 f6 27. Nd2 Bg6 28. Nf3 Be4 29. Nd2 Bg6 30. Nf3 Ke8 31. Bc4 Be4 32. Nd2 Bg6 33. Nf3 Be4 34. Nd2 Bg6 1/2-1/2

[Event "Cappelle op 35th"]
[Site "Cappelle la Grande"]
[Date "2019.02.17"]
[Round "2"]
[White "Blom, Vincent"]
[Black "Moussard, Jules"]
[Result "1/2-1/2"]
[WhiteElo "2253"]
[BlackElo "2605"]
[PlyCount "127"]
[EventDate "2019.02.16"]
[EventType "swiss"]
[EventRounds "9"]
[EventCountry "FRA"]
[SourceTitle "CBM 189 Extra"]
[Source "ChessBase"]
[SourceDate "2019.05.31"]
[SourceVersion "1"]
[SourceVersionDate "2019.05.31"]
[SourceQuality "1"]

1. d4 d6 2. Nf3 Nf6 3. c4 g6 4. Nc3 Bf5 5. Ng5 Bg7 6. e4 Bd7 7. e5 dxe5 8. dxe5 Ng4 9. e6 Bxe6 10. Qxd8+ Kxd8 11. Nxe6+ fxe6 12. Bd2 Nc6 13. Be2 Nh6 14. 0-0-0 Nf5 15. Bf3 Ke8 16. Bxc6+ bxc6 17. Rhe1 Kf7 18. Ne4 h6 19. Bc3 Bxc3 20. Nxc3 Rhd8 21. Re5 Rxd1+ 22. Kxd1 a5 23. Kc2 Nd6 24. b3 g5 25. Na4 Kf6 26. Re1 e5 27. Nc5 Rd8 28. Kc3 Kf5 29. f3 h5 30. g4+ hxg4 31. fxg4+ Kxg4 32. Rxe5 Rh8 33. Ne6 Rh3+ 34. Kd4 Nf5+ 35. Kc5 Rxh2 36. Re4+ Kh5 37. Re5 Rf2 38. Kxc6 Kg6 39. Re4 Kf6 40. Nxc7 Rxa2 41. Nd5+ Kf7 42. Kd7 a4 43. bxa4 Rxa4 44. Rg4 Ra7+ 45. Kc6 Kg6 46. Nf4+ Kh6 47. Nh3 Ra6+ 48. Kd7 Rd6+ 49. Ke8 Rg6 50. Kd7 e5 51. c5 Nd4 52. Nf2 Nf3 53. Rg3 Rg7+ 54. Kd6 Nh4 55. Kxe5 Re7+ 56. Kd5 Nf5 57. Rf3 Kg6 58. c6 Ra7 59. Rc3 Rc7 60. Ne4 g4 61. Ng3 Ne7+ 62. Kd6 Rxc6+ 63. Rxc6 Nxc6 64. Kxc6 1/2-1/2